🎶 Paroles "La femme est l'avenir de l'homme" Jean Ferrat - Statistiques

Statistiques générales
  • Ce quiz a Ă©tĂ© pris 86 fois
  • Le rĂ©sultat moyen est 172 sur 232
Statistiques - réponses
Mots % Correct
a
100%
Ă 
100%
Aragon :
100%
avenir
100%
D'
100%
d'
100%
de
100%
De
100%
est
100%
Eve
100%
femme
100%
homme.
100%
l'
100%
L'
100%
La
100%
la
100%
Je
97%
Le
95%
le
95%
Et
92%
et
92%
Qui
92%
qui
92%
toujours
92%
avec
90%
que
88%
raison
88%
poète
87%
les
85%
plus
85%
son
83%
en
82%
des
78%
ma
78%
un
78%
par
75%
Si
73%
une
73%
voit
73%
horizon
72%
Il
72%
pomme.
72%
Pour
72%
tous
70%
déclare
68%
autres
67%
du
67%
notre
67%
nĂ´tre
67%
Tout
67%
haut
65%
royaume.
65%
Dans
63%
dans
63%
futur
63%
nous
63%
aux
58%
sur
58%
sans
57%
Entre
55%
enfin
52%
nouveau,
52%
nouveau
52%
terre.
52%
voix,
52%
ancien
50%
génération,
48%
indivisible.
48%
va
48%
âge,
47%
hommes
47%
infini
47%
naissances,
47%
niveaux,
47%
Votre
47%
bible.
45%
chantent
45%
encore
45%
fallu
45%
lutte,
45%
servage
45%
siècles
45%
contrĂ´le
43%
Face
43%
font
43%
millénaires.
43%
moyen
43%
uns
43%
vivre,
43%
lois,
42%
souffrance,
42%
Vos
42%
accoucher
40%
faudra
40%
réapprendre
40%
sortons
40%
changer
38%
image
37%
couple
35%
écrire
35%
livre,
35%
possibles.
35%
chanson
33%
décrètent
33%
Ensemble
33%
irréversible.
33%
lourd
33%
oraison
33%
Pèsent
33%
générations,
32%
manière
32%
ancienne
30%
chose
30%
malédictions,
30%
amours
28%
floraison
28%
partagée,
27%
Redécouvrir
27%
vieilles
27%
annonce
23%
Chaque
23%
détruit
22%
endroit
22%
Remet
22%
Aucun quiz correspondant
Distribution des résultats
% des personnes avec chaque résultat
Percentile par nombre de réponses
Votre historique - résultats
Vous n’avez pas pris ce quiz